|
|
|
|
| LEADER |
00000nam0a2200000 4500 |
| 001 |
373750 |
| 005 |
20231102012608.0 |
| 035 |
|
|
|a (RuTPU)RU\TPU\retro\31180
|
| 035 |
|
|
|a RU\TPU\book\122564
|
| 035 |
|
|
|a RU\TPU\book\338198
|
| 090 |
|
|
|a 373750
|
| 100 |
|
|
|a 20221216d1961 m y0rusy50 ca
|
| 101 |
0 |
|
|a rus
|
| 102 |
|
|
|a RU
|
| 105 |
|
|
|a a j 001zy
|
| 200 |
1 |
|
|a Курс электротехники и радиотехники
|e учебное пособие
|f А. П. Молчанов
|
| 210 |
|
|
|a Москва
|c Физматгиз
|d 1961
|
| 215 |
|
|
|a 504 с.
|c ил.
|
| 320 |
|
|
|a Библиогр.: с. 497-498
|
| 606 |
1 |
|
|a Электротехника общая
|2 stltpush
|3 (RuTPU)RU\TPU\subj\20906
|9 45967
|
| 606 |
1 |
|
|a Радиотехника
|2 stltpush
|3 (RuTPU)RU\TPU\subj\71345
|9 85301
|
| 610 |
1 |
|
|a линейные цепи
|
| 610 |
1 |
|
|a полупроводниковые приборы
|
| 610 |
1 |
|
|a вакуумные приборы
|
| 610 |
1 |
|
|a газонаполненные приборы
|
| 610 |
1 |
|
|a усилители
|
| 610 |
1 |
|
|a параметрические цепи
|
| 610 |
1 |
|
|a нелинейные цепи
|
| 610 |
1 |
|
|a генераторы
|
| 610 |
1 |
|
|a электрические машины
|
| 610 |
1 |
|
|a учебные пособия
|
| 610 |
1 |
|
|a электронные приборы
|
| 610 |
1 |
|
|a ламповые генераторы
|
| 675 |
|
|
|a 621.3(075.8)
|v 3
|
| 675 |
|
|
|a 621.37(075.8)
|v 3
|
| 700 |
|
1 |
|a Молчанов
|b А. П.
|g Андрей Павлович
|
| 801 |
|
1 |
|a RU
|b 63413507
|c 20070410
|g PSBO
|
| 801 |
|
2 |
|a RU
|b 63413507
|c 20221216
|g PSBO
|
| 942 |
|
|
|c BK
|